|
|
|
|
| LEADER |
00855cam a2200205 7i4500 |
| 001 |
0000032065 |
| 005 |
20250521090000.0 |
| 020 |
|
|
|a 9781741792706 (pbk.)
|
| 090 |
0 |
0 |
|a G153.4
|b .L66 2009
|
| 245 |
0 |
0 |
|a Lonely Planet's best in travel 2010 :
|b the best trends, destinations, journeys & experiences for the upcoming year
|c written by Sarah Baxter ... [et al.].
|
| 260 |
|
|
|a Melbourne, Australia:
|b Lonely Planet,
|c 2009.
|
| 300 |
|
|
|a 206 p.:
|b col. ill., maps;
|c 24 cm.
|
| 500 |
|
|
|a Includes index
|
| 650 |
0 |
0 |
|a Travel
|
| 700 |
1 |
|
|a Baxter, Sarah
|
| 710 |
2 |
|
|a Lonely Planet Publications (Firm)
|
| 999 |
|
|
|a 0000049863
|b BOK
|c OPEN SHELF
|e 1st Floor, Shah Alam
|
| 999 |
|
|
|a 0000049864
|b BOK
|c REFERENCE
|e Ground Floor, Bestari Jaya
|
| 999 |
|
|
|a 0000065273
|b BOK
|c REFERENCE
|e Ground Floor, Bestari Jaya
|
| 999 |
|
|
|a 0000065274
|b BOK
|c REFERENCE
|e Ground Floor, Bestari Jaya
|